000 00563nam a2200217Ia 4500
003 OSt
005 20220926035306.0
006 a|||||r|||| 00| 0
007 ta
008 220923b |||||||| |||| 00| 0 eng d
037 _cGeneral Book
040 _aRTL
_cRTL
_beng
041 _2eng
_aeng
082 _aX.5.N3, G5
100 _aSoltau Roger H
_9342125
245 0 _aOutline of European economic development
260 _c1935
650 _aEconomic condition
942 _hX.5.N3, G5
_cGB
_2CC
999 _c661831
_d661831